La Legión Cóndor / (Record no. 177553)

MARC details
000 -LEADER
campo de control de longitud fija 00879nam a2200265 i 4500
001 - NÚMERO DE CONTROL
campo de control 177553
003 - IDENTIFICADOR DE NÚMERO DE CONTROL
campo de control ES-MaACL
005 - FECHA Y HORA DE LA ÚLTIMA TRANSACCIÓN
campo de control 20250717142012.0
007 - CAMPO FIJO DE DESCRIPCIÓN FÍSICA--INFORMACIÓN GENERAL
campo de control de longitud fija t|
008 - DATOS DE LONGITUD FIJA--INFORMACIÓN GENERAL
campo de control de longitud fija 110401s1975 sp r ||||1| spa d
020 ## - NÚMERO INTERNACIONAL ESTÁNDAR DEL LIBRO
Número Internacional Estándar del Libro 84-312-0203-3
080 ## - NÚMERO DE LA CLASIFICACIÓN DECIMAL UNIVERSAL
Número de la Clasificación Decimal Universal 94(460)"1936/1939"(093.3)
080 ## - NÚMERO DE LA CLASIFICACIÓN DECIMAL UNIVERSAL
Número de la Clasificación Decimal Universal 355.354(430)
100 1# - ENTRADA PRINCIPAL--NOMBRE DE PERSONA
Nombre de persona Garriga, Ramón.
9 (RLIN) 55740
245 13 - MENCIÓN DEL TÍTULO
Título La Legión Cóndor /
Mención de responsabilidad, etc. Ramón Garriga.
260 ## - PUBLICACIÓN, DISTRIBUCIÓN, ETC.
Lugar de publicación, distribución, etc. Madrid :
Nombre del editor, distribuidor, etc. G. del Toro,
Fecha de publicación, distribución, etc. cop. 1975.
300 ## - DESCRIPCIÓN FÍSICA
Extensión 303 p. ;
Dimensiones 21 cm.
490 1# - MENCIÓN DE SERIE
Mención de serie Memorias de la guerra civil española 1936-39 ;
Designación de volumen o secuencia 23
500 ## - NOTA GENERAL
Nota general Índice.
610 14 - PUNTO DE ACCESO ADICIONAL DE MATERIA--NOMBRE DE ENTIDAD CORPORATIVA
Nombre de entidad corporativa o nombre de jurisdicción como elemento de entrada Alemania.
Unidad subordinada Luftwaffe.
-- Legión Cóndor.
9 (RLIN) 145937
651 #4 - PUNTO DE ACCESO ADICIONAL DE MATERIA--NOMBRE GEOGRÁFICO
Nombre geográfico España-
Subdivisión general Historia-
Subdivisión cronológica 1936-1939, Guerra civil-
Subdivisión de forma Relatos personales.
9 (RLIN) 8326
830 00 - PUNTO DE ACCESO ADICIONAL DE SERIE-TÍTULO UNIFORME
Título uniforme Memorias de la guerra civil española 1936-39
Designación de volumen o secuencia 23
9 (RLIN) 181851
852 ## - LOCALIZACIÓN
Ubicación ES-MaACL
Número de control de estantería E-14768
Encuadernación Olim P-1031
Holdings
Estatus retirado Estado de pérdida Estado de daño No para préstamo Biblioteca de origen Biblioteca actual Ubicación en estantería Fecha de adquisición Fuente de adquisición Total de préstamos Signatura topográfica completa Código de barras Visto por última vez Precio de reemplazo Tipo de ítem Koha
        Biblioteca del Ateneo de Madrid Biblioteca del Ateneo de Madrid Depósito 2 01/04/2011     E-14768 1186497 23/02/2023 23/02/2023 Libro impreso